| 000 | 00000nam 2200000za 4500 |
| 001 | 9.652959 |
| 003 | CaOODSP |
| 005 | 20240508143233 |
| 007 | ta |
| 008 | 150407|1988||||xxc||||| f|0| 0 eng d |
| 020 | |a0-660-54239-0 |
| 040 | |aCaOODSP|beng |
| 041 | |aeng |
| 041 | |afre |
| 043 | |an-cn--- |
| 086 | 1 |aYX45-1/1985 |
| 110 | 1 |aCanada.|bStatutes. |
| 245 | 10|aRevised Statutes of Canada, 1985, Table of concordance |
| 260 | |bStatutes, |c1988. |
| 590 | |a88-30|b1988-07-29 |
| 776 | 0#|tLois révisées du Canada (1985). Table de concordance / |w(CaOODSP)9.676814 |
| 792 | |tLois révisées du Canada (1985), Table de concordance |efre|w(CaOODSP)9.652960 |